LEADER 01814nlm2-2200373---450- 001 990003140210203316 005 20080903132445.0 035 $a000314021 035 $aUSA01000314021 035 $a(ALEPH)000314021USA01 035 $a000314021 100 $a20080903d2000----km-y0itay50------ba 101 2 $aita 102 $aIT 135 $adocg#-------- 200 1 $aMs 459 Biblioteca Casanatense$el'enciclopedia medica dell'imperatore Venceslao [Risorsa elettronica] 210 $a[Modena]$cF. C. Panini$d2000 215 $a1 CD-ROM$ccolor.$d12 cm 300 $aTit. dell'etichetta. - Sulla custodia : Traduzione del testo manoscritto in italiano moderno, schede descrittive 337 $aRequisiti minimi per PC: CPU classe Intel Pentium III o superiore ; Microsoft Windows 98, Windows NT, Windows 2000, Windows XP, 128 MB di RAM (consigliati 256MB) ; 100 MB di spazio libero sull'hard disk ; lettore CD-ROM 16x ; Risoluzione video 800x600 (64.000 colori) ; Requisiti minimi per Mac : Apple Power Macintosh G3, PowerBook G3, Power Macintosh G4, iMac o iBook computers ; Mac OS 9.2.2 successivo ; 120 MB di RAm (consigliato superiore) ; 100 MB di spazio libero sull'hard disk; lettore CD-Rom 16x ; Risoluzione video 800x600 (64.000) 461 0$1001000314018$12001$aHistoria plantarum 606 0 $aBiblioteca Casanatense $xMs 459$2BNCF 606 0 $aPiante medicinali$xManoscritti$zStoria 676 $a581.634 801 0$aIT$bsalbc$gISBD 912 $a990003140210203316 951 $aXVIII UMA 20 (c/o Servizi on line)$b210651 L.M.$cXVIII 959 $aER 969 $aER 979 $aPAOLA$b90$c20080903$lUSA01$h1312 979 $aPAOLA$b90$c20080903$lUSA01$h1313 979 $aPAOLA$b90$c20080903$lUSA01$h1324 996 $aMs 459 Biblioteca Casanatense$91016510 997 $aUNISA LEADER 01205nam0-2200313---450- 001 990008330030403321 005 20060619135407.0 035 $a000833003 035 $aFED01000833003 035 $a(Aleph)000833003FED01 035 $a000833003 100 $a20060517d1965----km-y0itay50------ba 101 0 $aita 102 $aIT 105 $aa-------001yy 200 1 $aConseguenze geografiche di recenti trasformazioni agrarie nei comuni di Barbara, Corinaldo ed Ostra Vetere (Marche) 210 $aPadova$cSocietā Cooperativa Tipografica$d1965 215 $app. 149 - 163, 1 c. di tav.$cill.$d24 cm 225 1 $aMemorie della Accademia Patavina di SS. LL. AA.$v77 300 $aestr. dalle Memorie della Accademia Patavina di SS. LL. AA. Classe di Scienze Matematiche e Naturali, v. 77 (1964 - 1965) 610 0 $aMarche$aAgricoltura 700 1$aBevilacqua,$bEugenia$f<1919-2002>$0342642 801 0$aIT$bUNINA$gRICA$2UNIMARC 901 $aBK 912 $a990008330030403321 952 $aE-09A-037(3)$bIst.5762$fILFGE 959 $aILFGE 996 $aConseguenze geografiche di recenti trasformazioni agrarie nei comuni di Barbara, Corinaldo ed Ostra Vetere (Marche$9744103 997 $aUNINA